| 000 | 00480nam a22001817a 4500 | ||
|---|---|---|---|
| 005 | 20260527140941.0 | ||
| 010 | _aENG-139136 ENG-148650 | ||
| 020 |
_c200.00 _a9789354278433 |
||
| 035 | _aEN-122668 | ||
| 035 | _aEN-132182 | ||
| 037 | _bDBAD/PUB | ||
| 082 | _aS | ||
| 100 | _aBHASIN,SANJEEV KUMAR | ||
| 245 |
_aAn unending Show and other stories/ _cBy Sanjeev Kumar Bhasin |
||
| 260 |
_bBLUEROSE PUBLISHERS _c2023 |
||
| 300 |
_a123p. _c21cm(pb) |
||
| 942 |
_2ddc _cEN _mBHA _hS |
||
| 999 |
_c200572 _d200572 |
||